Three Letter words - A - Statistics

General Stats
  • This quiz has been taken 34 times
  • The average score is 9 of 15
Answer Stats
# Word % Correct
11. Ace
77%
1. And
77%
2. Are
70%
6. Add
63%
8. Aim
63%
14. Age
60%
5. Ape
60%
9. Awe
57%
4. Arc
53%
7. Ash
50%
10. Aid
47%
15. Ask
47%
13. Air
43%
3. Any
43%
12. Arm
43%
No matching quizzes found
Score Distribution
Percent of People with Each Score
Percentile by Number Answered
Your Score History
You have not taken this quiz